000 01117cad a22002655a 4500
001 E149447
008 100308s2008 xxko f 000 0 eng d
020 _a9781848060104
035 _a(Sirsi) u149447
041 0 _aeng
100 1 _aFisher, James
245 0 2 _aA review of microgeneration and renewable energy technologies
_h[electronic resource]
260 _aAmersham
_bNHBC Foundation
_c2008
490 0 _aNF
_v7
520 _aPresents research carried out by the BRE into the various available technologies for cutting carbon emissions, and discusses their cost-effectiveness and other related issues.
521 2 _aAdvanced
651 4 _aUnited Kingdom
_y
690 _aBUILT ENVIRONMENT-SUSTAINABLE CONSTRUCTION
690 _aENVIRONMENTAL AND LAND CONSULTANCY-ENERGY-ENERGY USE-ENERGY EFFICIENCY
700 2 _aJessop, Chris
700 2 _aMcGuire, Karen
700 1 _aWaddelove, Andrew
856 4 0 _uhttps://www.nhbcfoundation.org/LinkClick.aspx?fileticket=UzYVWRQW%2fTY%3d&tabid=339&mid=774&language=en-GB
_zView the report free of charge (PDF file) at www.nhbcfoundation.org...
942 _n0
999 _c110501
_d110501